Schlechteste 3. Liga Absteiger - Statistiken

Allgemein
  • Dieses Quiz wurde 15 mal gespielt
  • Das Durchschnittsergebnis liegt bei 9 aus 20
Antwortstatistiken
Platz Saison Verein Punkte; (TD) % Korrekt
7. 2024/25 SpVgg Unterhaching 25; (-32)
64%
6. 2021/22 TSV Havelse 23; (-43)
64%
4. 2017/18 Chemnitzer FC 22; (-26)
57%
14. 2015/16 VfB Stuttgart II 31; (-25)
57%
5. 2019/20 FC Carl Zeiss Jena 23; (-45)
50%
1. 2021/22 Türkgücü München 0; (+/-0)
50%
19. 2023/24 VfB Lübeck 32; (-40)
50%
9. 2012/13 Alemannia Aachen 26; (-28)
43%
11. 2023/24 SC Freiburg II 30; (-27)
43%
18. 2022/23 SpVgg Bayreuth 32; (-42)
43%
3. 2011/12 Werder Bremen II 22; (-41)
43%
15. 2017/18 Werder Bremen II 31; (-23)
43%
12. 2021/22 Würzburger Kickers 30; (-25)
43%
13. 2010/11 FC Bayern München II 30; (-24)
36%
8. 2016/17 FSV Frankfurt 25; (-12)
36%
16. 2014/15 SSV Jahn Regensburg 31; (-21)
36%
2. 2017/18 FC Rot-Weiß Erfurt 13; (-52)
29%
20. 2019/20 SG Sonnenhof Großaspach 32; (-34)
29%
17. 2018/19 VfR Aalen 31; (-17)
21%
10. 2008/09 Stuttgarter Kickers 29; (-33)
14%
Keine übereinstimmenden Quizze gefunden
Verteilung der Resultate
Anzahl Personen mit jedem Resultat
Perzentil nach korrekt beantworteten Fragen
Ihre Resultats-Entwicklung
Sie haben dieses Quiz noch nicht gespielt